| 000 | 00845cam a22002054a 4500 | ||
|---|---|---|---|
| 005 | 20250605164156.0 | ||
| 008 | 250528s ||||||||||||||||||||||||d | ||
| 035 | _a19609 | ||
| 020 | _a9602870192 | ||
| 040 |
_aGR-AtMCL _bgre _dGR-AtMCL _eAACR2 |
||
| 245 | 1 | _aΑΝΑΠΝΕΥΣΤΙΚΗ ΦΥΣΙΚΟΘΕΡΑΠΕΙΑ | |
| 250 | _a1 | ||
| 260 |
_bΑ.Τ.Ε.Ι. Θεσσαλονικης, _c2001 |
||
| 300 | _a251 | ||
| 520 | _aΜΗΧΑΝΙΣΜΟΣ ΤΗΣ ΑΝΑΠΝΟΗΣ ΑΝΑΠΝΕΥΣΤΙΚΟΙ ΜΥΕΣ ΑΕΡΑΓΩΓΟΙ ΤΟΥ ΑΝΑΠΝΕΥΣΤΙΚΟΥ ΣΥΣΤΗΜΑΤΟΣ ΛΟΒΟΙ ΠΝΕΜΟΝΩΝ ΚΑΙ ΒΡΟΓΧΟΠΝΕΥΜΟΝΙΚΑ ΤΜΗΜΑΤΑ ΠΡΟΒΟΛΗ ΤΟΥ ΠΝΕΥΜΟΝΑ | ||
| 700 | 1 |
_aΧρισταρα-Παπαδοπουλου Αλεξανδρα _95813 |
|
| 942 | _cBK | ||
| 999 |
_c4865 _d4865 |
||